Establishment of itik special ty store in Malaya, Pililla, Rizal/ (Record no. 76303)
[ view plain ]
| 000 -LEADER | |
|---|---|
| fixed length control field | 00875nam a22002177i 4500 |
| 003 - CONTROL NUMBER IDENTIFIER | |
| control field | URS |
| 005 - DATE AND TIME OF LATEST TRANSACTION | |
| control field | 20240416181659.0 |
| 008 - FIXED-LENGTH DATA ELEMENTS--GENERAL INFORMATION | |
| fixed length control field | 190201b ||||| |||| 00| 0 eng d |
| 040 ## - CATALOGING SOURCE | |
| Language of cataloging | eng |
| Description conventions | rda |
| Transcribing agency | URS Pililla Library |
| 082 00 - DEWEY DECIMAL CLASSIFICATION NUMBER | |
| Item number | FS BSBA FM7 2014 |
| 100 1# - MAIN ENTRY--PERSONAL NAME | |
| Personal name | Delos Santos, Allen V. |
| Relator term | researcher |
| 245 10 - TITLE STATEMENT | |
| Title | Establishment of itik special ty store in Malaya, Pililla, Rizal/ |
| Statement of responsibility, etc. | Allen V. Delos Santos |
| 300 ## - PHYSICAL DESCRIPTION | |
| Extent | xiii, 50 leaves; |
| Dimensions | 28 cm. |
| 336 ## - CONTENT TYPE | |
| Content type term | text |
| Content type code | txt |
| Source | rdacontent |
| 337 ## - MEDIA TYPE | |
| Media type term | unmediated |
| Media type code | n |
| Source | rdamedia |
| 338 ## - CARRIER TYPE | |
| Carrier type term | volume |
| Carrier type code | nc |
| Source | rdacarrier |
| 502 ## - DISSERTATION NOTE | |
| Dissertation note | Undergraduate Feasibility Study |
| Degree type | Bachelor of Science in Business Administration Major in Financial Management |
| Name of granting institution | University of Rizal System Pililla |
| 700 1# - ADDED ENTRY--PERSONAL NAME | |
| Personal name | Bulawan, Marites P. |
| Relator term | adviser |
| 856 ## - ELECTRONIC LOCATION AND ACCESS | |
| Materials specified | Online Request for Student Unpublished Works |
| Uniform Resource Identifier | <a href="https://forms.gle/7LqvGGkaDrUQqz429">https://forms.gle/7LqvGGkaDrUQqz429</a> |
| 942 ## - ADDED ENTRY ELEMENTS (KOHA) | |
| Source of classification or shelving scheme | Dewey Decimal Classification |
| Koha item type | Theses and dissertations |
No items available.